000 00249nam a2200097Ia 4500
008 231107s2000 xx 000 0 und d
041 _aeng
100 _aMandy Southan
245 _aPainting Flower on Silk
260 _aGreat Britan
_bSearch Press
_c2000
999 _c925533
_d925533